| 000 | 004910000a22001690004500 | ||
|---|---|---|---|
| 003 | MACL | ||
| 005 | 20150823110956.0 | ||
| 008 | 150823b xxu||||| |||| 00| 0 eng d | ||
| 040 |
_aMACL _cMACL |
||
| 041 | _aEnglish | ||
| 082 | _a631.7/AGL | ||
| 100 |
_aCentre For Science and Environment _92929 |
||
| 245 |
_aA Water Harvesting Manual _bFor Urban Areas |
||
| 260 |
_bCentre For Science and Environment _c2008 _aNew Delhi |
||
| 650 |
_aWater Conservation _96879 |
||
| 942 |
_cBK _k631.7/AGL _2ddc |
||
| 999 |
_c42608 _d42608 |
||